Estado y desarrollo agrario en Centroamérica (segunda parte)

Guardado en:
Bibliografiske detaljer
Format: Texto
Fag:
Tags: Tilføj Tag
Ingen Tags, Vær først til at tagge denne postø!

MARC

LEADER 00000 a a2200000 04500
001 17873
003
040
245 |a Estado y desarrollo agrario en Centroamérica (segunda parte)  
650 |a DESARROLLO AGROPECUARIO  
650 |a TERRATENIENTES  
650 |a LUCHA DE CLASES  
650 |a CENTROAMERICA  
773 |g volumen 3, número 36. (1979). páginas 307-311  
999 |c 27905  |d 27905